书目信息 |
| 题名: |
中小学校园安全防护手册
|
|
| 作者: | 张根田 主编 | |
| 分册: | ||
| 出版信息: | 北京 世界知识出版社 2019 |
|
| 页数: | 221页 | |
| 开本: | 24cm | |
| 丛书名: | ||
| 单 册: | ||
| 中图分类: | G637.4-62 | |
| 科图分类: | ||
| 主题词: | 中小学--安全教育--手册 | |
| 电子资源: | ||
| ISBN: | 978-7-5012-4817-9 | |
| 000 | 00642nam0 2200217 45 | |
| 001 | 012001003015 | |
| 005 | 20130124171817.0 | |
| 010 | @a978-7-5012-4817-9@dCNY38.00 | |
| 100 | @a20150712d2015 em y0chiy50 ea | |
| 101 | 0 | @achi |
| 102 | @aCN@b110000 | |
| 105 | @ay z 000yy | |
| 106 | @ar | |
| 200 | 1 | @a中小学校园安全防护手册@9zhong xiao xue xiao yuan an quan fang hu shou ce@f张根田主编 |
| 210 | @a北京@c世界知识出版社@d2019 | |
| 215 | @a221页@d24cm | |
| 606 | 0 | @a中小学@x安全教育@j手册 |
| 690 | @aG637.4-62@v5 | |
| 701 | 0 | @a张根田@9zhang gen tian@4主编 |
| 801 | 0 | @aCN@b江苏凤凰@c20191020 |
| 905 | @b1216961-4@dG637.4-62@e1404@f4 | |
| 中小学校园安全防护手册/张根田主编.-北京:世界知识出版社,2019 |
| 221页;24cm |
| ISBN 978-7-5012-4817-9:CNY38.00 |
| ● |
| 相关链接 |
|
|
|
|
正题名:中小学校园安全防护手册
索取号:G637.4-62/1404
 
预约/预借
| 序号 | 登录号 | 条形码 | 馆藏地/架位号 | 状态 | 备注 |
| 1 | 1216961 | 212169614 | 第一样本阅览室/ [索取号:G637.4-62/1404] | 在馆 | |
| 2 | 1216962 | 212169623 | 教育系资料室/ [索取号:G637.4-62/1404] | 在馆 | |
| 3 | 1216963 | 212169632 | 教育系资料室/ [索取号:G637.4-62/1404] | 在馆 | |
| 4 | 1216964 | 212169641 | 第四借阅区/ [索取号:G637.4-62/1404] | 在馆 |